[Event "Wch Seniors 50 29th"]
[Site "Bucharest"]
[Date "2019.11.18"]
[Round "6"]
[White "Theuer, Carsten"]
[Black "Schneider, Waldemar"]
[Result "1/2-1/2"]
[WhiteElo "1833"]
[BlackElo "1636"]
[PlyCount "91"]
[EventDate "2019.11.12"]
[EventType "swiss"]
[EventRounds "11"]
[EventCountry "ROU"]
[SourceTitle "CBM 193 Extra"]
[Source "ChessBase"]
[SourceDate "2020.01.31"]
[SourceVersion "1"]
[SourceVersionDate "2020.01.31"]
[SourceQuality "1"]

1. e4 e5 2. Nf3 Nc6 3. Bc4 Bc5 4. d3 h6 5. c3 Nf6 6. b4 Bb6 7. b5 Na5 8. Nxe5 0-0 9. Bb3 d6 10. Nc4 Nxc4 11. Bxc4 Bg4 12. Qb3 Nh5 13. 0-0 Qf6 14. Be3 Nf4 15. Bxf4 Qxf4 16. Qc2 Rae8 17. Na3 Re5 18. d4 Rh5 19. g3 Qf6 20. Be2 Qg6 21. Qd1 Bxe2 22. Qxe2 Re8 23. Rae1 Kh7 24. f4 f6 25. Kg2 d5 26. e5 fxe5 27. fxe5 Rf5 28. Rxf5 Qxf5 29. Qc2 Kg6 30. Rf1 Qxc2+ 31. Nxc2 c5 32. bxc6 bxc6 33. Nb4 Re6 34. Rf3 a5 35. Nd3 Re7 36. a4 Rc7 37. Kf2 Rf7 38. Nf4+ Kh7 39. Ke3 c5 40. Nxd5 cxd4+ 41. cxd4 Bxd4+ 42. Ke4 Rxf3 43. Kxf3 Bxe5 44. Ke4 Bd6 45. Nb6 Kg6 46. Nc4 1/2-1/2

[Event "Wch Seniors 50 28th"]
[Site "Bled"]
[Date "2018.11.25"]
[Round "7"]
[White "Schneider, Waldemar"]
[Black "Ring, Rudolf"]
[Result "1-0"]
[WhiteElo "1738"]
[BlackElo "1745"]
[PlyCount "123"]
[EventDate "2018.11.18"]
[EventType "swiss"]
[EventRounds "11"]
[EventCountry "SLO"]
[SourceTitle "CBM 187 Extra"]
[Source "ChessBase"]
[SourceDate "2018.11.04"]
[SourceVersion "1"]
[SourceVersionDate "2018.11.04"]
[SourceQuality "1"]

1. d4 d5 2. c4 c6 3. e3 Nf6 4. Nc3 e6 5. Nf3 Bd6 6. b3 Nbd7 7. Bb2 0-0 8. Be2 Re8 9. 0-0 h6 10. Qc2 Ng4 11. e4 dxe4 12. Nxe4 Bc7 13. Rac1 Ngf6 14. Rfd1 Nxe4 15. Qxe4 Nf6 16. Qh4 b6 17. Ne5 Bb7 18. Bf3 Bxe5 19. dxe5 Nd7 20. Qd4 Nc5 21. Qf4 Qc7 22. Rd6 Rad8 23. Rcd1 Rxd6 24. Rxd6 Nd7 25. Bh5 Re7 26. Qh4 Nf8 27. Qd4 c5 28. Qd3 Rd7 29. Qg3 Be4 30. Qf4 Bg6 31. Bf3 Bb1 32. a3 Bc2 33. b4 cxb4 34. axb4 Bb3 35. Be2 a5 36. bxa5 bxa5 37. Ba3 a4 38. Qd4 Qc8 39. c5 Bd5 40. Qxa4 Rb7 41. h3 Nd7 42. Bd3 Bb3 43. Qe4 Nf8 44. Ba6 Bd5 45. Bxb7 Qxb7 46. Qb4 Qa8 47. f3 Ng6 48. Kh2 Nxe5 49. Qc3 Nc6 50. Bb2 f6 51. Qd3 Qa2 52. Bxf6 Qa4 53. Bc3 Qf4+ 54. Kg1 Qc1+ 55. Kf2 Qa3 56. Qe3 Qb3 57. Rd7 Qc2+ 58. Kg1 Qb1+ 59. Kh2 g5 60. Rxd5 exd5 61. Qe8+ Kh7 62. Qf7# 1-0

[Event "Bled Planinc Memorial 1st"]
[Site "Bled"]
[Date "2018.11.24"]
[Round "3"]
[White "Mestek, Igor"]
[Black "Schneider, Waldemar"]
[Result "1-0"]
[WhiteElo "2144"]
[BlackElo "1738"]
[PlyCount "63"]
[EventDate "2018.11.24"]
[EventType "swiss (blitz)"]
[EventRounds "9"]
[EventCountry "SLO"]
[SourceTitle "CBM 187 Extra"]
[Source "ChessBase"]
[SourceDate "2018.11.04"]
[SourceVersion "1"]
[SourceVersionDate "2018.11.04"]
[SourceQuality "1"]

1. e4 d5 2. exd5 Qxd5 3. Nc3 Qd6 4. d4 Nf6 5. Bd3 Nc6 6. Nge2 a6 7. 0-0 Bg4 8. f3 Bh5 9. Ne4 Nxe4 10. Bxe4 Bg6 11. Bf4 Qd7 12. d5 Nb4 13. a3 f5 14. axb4 fxe4 15. fxe4 Bxe4 16. c4 e6 17. Nc3 exd5 18. cxd5 Bg6 19. Re1+ Kd8 20. Qd4 Bd6 21. Bxd6 cxd6 22. Re6 Re8 23. Qb6+ Qc7 24. Rxd6+ Kc8 25. Nb5 Qxb6+ 26. Rxb6 axb5 27. Rxa8+ Kc7 28. Rxe8 Bxe8 29. Re6 Bg6 30. Re7+ Kd6 31. Rxb7 Kxd5 32. Rxb5+ 1-0

[Event "Wch Seniors 50 28th"]
[Site "Bled"]
[Date "2018.11.18"]
[Round "1"]
[White "Schneider, Waldemar"]
[Black "Chan, Peng Kong"]
[Result "0-1"]
[WhiteElo "1738"]
[BlackElo "2169"]
[PlyCount "66"]
[EventDate "2018.11.18"]
[EventType "swiss"]
[EventRounds "11"]
[EventCountry "SLO"]
[SourceTitle "CBM 187 Extra"]
[Source "ChessBase"]
[SourceDate "2018.11.04"]
[SourceVersion "1"]
[SourceVersionDate "2018.11.04"]
[SourceQuality "1"]

1. e4 c5 2. b4 cxb4 3. a3 e6 4. axb4 Bxb4 5. Nf3 Nc6 6. c3 Ba5 7. Na3 d5 8. exd5 exd5 9. Nb5 a6 10. Nbd4 Nge7 11. Bd3 Bc7 12. 0-0 0-0 13. Ba3 Bd6 14. Re1 Bxa3 15. Rxa3 Qd6 16. Qa1 Rb8 17. Nxc6 Nxc6 18. Ra4 Bd7 19. Rh4 h6 20. Qb1 Rfe8 21. Rxe8+ Bxe8 22. Bh7+ Kf8 23. g3 b5 24. Bd3 Bd7 25. Nd4 Rd8 26. Qa1 g5 27. Nxc6 gxh4 28. Nb4 Bh3 29. Bf1 Bxf1 30. Kxf1 d4 31. Qxa6 Qxa6 32. Nxa6 dxc3 33. dxc3 Rc8 0-1

[Event "Wch Seniors 50 26th"]
[Site "Marianske Lazne"]
[Date "2016.11.19"]
[Round "1"]
[White "Kolesar, Milan"]
[Black "Schneider, Waldemar"]
[Result "1-0"]
[WhiteElo "2194"]
[BlackElo "1818"]
[PlyCount "139"]
[EventDate "2016.11.19"]
[EventType "swiss"]
[EventRounds "11"]
[EventCountry "CZE"]
[SourceTitle "CBM 175 Extra"]
[Source "ChessBase"]
[SourceDate "2016.12.12"]
[SourceVersion "1"]
[SourceVersionDate "2016.12.12"]
[SourceQuality "1"]

1. Nf3 Nf6 2. c4 e6 3. Nc3 d5 4. d4 Be7 5. Bf4 c6 6. e3 0-0 7. h3 Nbd7 8. c5 Ne4 9. Nxe4 dxe4 10. Nd2 f5 11. Bc4 Nf6 12. 0-0 Nd5 13. Bh2 Rf6 14. a3 Rg6 15. Kh1 Bg5 16. Qe2 b5 17. cxb6 axb6 18. Rfc1 Bb7 19. b4 Kh8 20. Be5 Bf6 21. Bxd5 exd5 22. Bxf6 Qxf6 23. f4 Ba6 24. Qf2 Bb5 25. Nb1 Bc4 26. Nc3 Qe7 27. Qb2 Rg3 28. Re1 g5 29. Qf2 gxf4 30. Qxf4 Rag8 31. Rg1 Qg7 32. Qf2 c5 33. Rad1 cxd4 34. Rxd4 f4 35. Nxd5 Bxd5 36. Rxd5 fxe3 37. Qe1 Qb2 38. Qa1 Qxa1 39. Rxa1 e2 40. Re5 Re3 41. Re1 Ra8 42. Kg1 Raxa3 43. Kf2 Rab3 44. Rb5 Rec3 45. Rxb6 e3+ 46. Kxe2 Rc2+ 47. Kf3 Rf2+ 48. Kg3 Rbb2 49. Rxe3 Rxg2+ 50. Kh4 Rgf2 51. Rg3 Rf4+ 52. Rg4 Rxg4+ 53. hxg4 Kg7 54. b5 h6 55. Rb8 Kf6 56. b6 Rh2+ 57. Kg3 Rb2 58. Kf4 Rb4+ 59. Kf3 Ke5 60. b7 Rb3+ 61. Kg2 Kd6 62. Rd8+ Kc7 63. b8Q+ Rxb8 64. Rxb8 Kxb8 65. Kg3 Kc7 66. Kh4 Kd7 67. Kh5 Ke7 68. Kxh6 Kf6 69. g5+ Kf7 70. Kh7 1-0

[Event "Stuttgart-chB int"]
[Site "Ditzingen"]
[Date "2016.05.07"]
[Round "6"]
[White "Ziegler, Michael1111"]
[Black "Schneider, Waldemar"]
[Result "1-0"]
[WhiteElo "1648"]
[BlackElo "1818"]
[PlyCount "91"]
[EventDate "2016.05.05"]
[EventType "swiss"]
[EventRounds "7"]
[EventCountry "GER"]
[SourceTitle "EXT 2018"]
[Source "ChessBase"]
[SourceDate "2017.10.13"]
[SourceVersion "1"]
[SourceVersionDate "2017.10.13"]
[SourceQuality "1"]

1. e4 e5 2. Nf3 Nc6 3. d4 exd4 4. Nxd4 Nf6 5. Nxc6 bxc6 6. Bd3 Bc5 7. 0-0 d6 8. h3 0-0 9. Qf3 Nd7 10. Bf4 Qf6 11. c3 a5 12. Qg3 Ne5 13. Bxe5 Qxe5 14. Qxe5 dxe5 15. Bc4 Be6 16. Bxe6 fxe6 17. Nd2 a4 18. Nc4 Rf4 19. Nxe5 Rxe4 20. Rae1 Rxe1 21. Rxe1 Ra6 22. Nd7 Bd6 23. Rxe6 c5 24. Nxc5 Rc6 25. Nxa4 Bh2+ 26. Kxh2 Rxe6 27. f3 Kf7 28. g4 g5 29. Kg3 Re5 30. h4 h6 31. hxg5 hxg5 32. Kf2 Ke6 33. b4 Kd5 34. Nc5 Kc4 35. Ne4 Kb5 36. Ke3 Ka4 37. f4 gxf4+ 38. Kxf4 Rb5 39. g5 Ka3 40. g6 Kxa2 41. g7 Rb8 42. Kf5 Kb3 43. Kf6 Kc4 44. Kf7 Kd3 45. Nf6 Kxc3 46. Ne8 1-0

[Event "Stuttgart-chB int"]
[Site "Ditzingen"]
[Date "2016.05.06"]
[Round "4"]
[White "Herbst, Karin"]
[Black "Schneider, Waldemar"]
[Result "1/2-1/2"]
[WhiteElo "1601"]
[BlackElo "1818"]
[PlyCount "94"]
[EventDate "2016.05.05"]
[EventType "swiss"]
[EventRounds "7"]
[EventCountry "GER"]
[SourceTitle "EXT 2018"]
[Source "ChessBase"]
[SourceDate "2017.10.13"]
[SourceVersion "1"]
[SourceVersionDate "2017.10.13"]
[SourceQuality "1"]

1. c4 e5 2. Nc3 Nc6 3. Nf3 d6 4. d4 exd4 5. Nxd4 Bd7 6. Bf4 Nf6 7. e3 Be7 8. Be2 0-0 9. 0-0 a6 10. Rc1 Re8 11. Bf3 Rb8 12. Nxc6 Bxc6 13. Bxc6 bxc6 14. b3 a5 15. h3 h6 16. Qf3 Qd7 17. Rfd1 Nh7 18. Bg3 Ng5 19. Qe2 Bf6 20. Qc2 Bxc3 21. Qxc3 Ne4 22. Qe1 Nxg3 23. fxg3 c5 24. Rd3 a4 25. Qf2 axb3 26. axb3 Re4 27. Re1 Rbe8 28. Qf3 Qe6 29. Kh2 Qg6 30. Rd5 c6 31. Rd2 Qg5 32. Rxd6 Rxe3 33. Rxe3 Rxe3 34. Qf4 Rxb3 35. Rxc6 Qe7 36. Qf5 g6 37. Qxc5 Qxc5 38. Rxc5 g5 39. g4 Kg7 40. Rf5 Rc3 41. c5 Kg6 42. Rd5 f6 43. Kg1 h5 44. Kf2 hxg4 45. hxg4 Kf7 46. g3 Ke6 47. Rf5 Rc2+ 1/2-1/2

[Event "Bad Woerishofen op 31st"]
[Site "Bad Woerishofen"]
[Date "2015.03.05"]
[Round "7"]
[White "Lindstaedt, Jan"]
[Black "Schneider, Waldemar"]
[Result "0-1"]
[WhiteElo "1446"]
[BlackElo "1808"]
[PlyCount "58"]
[EventDate "2015.02.27"]
[EventType "swiss"]
[EventRounds "9"]
[EventCountry "GER"]
[SourceTitle "CBM 165 Extra"]
[Source "ChessBase"]
[SourceDate "2015.04.21"]
[SourceVersion "1"]
[SourceVersionDate "2015.04.21"]
[SourceQuality "1"]

1. d4 d5 2. c4 c6 3. Nc3 dxc4 4. e4 e5 5. Be3 exd4 6. Qxd4 Qxd4 7. Bxd4 b5 8. 0-0-0 Be6 9. f4 f6 10. g3 Bb4 11. Bg2 Ne7 12. Nf3 0-0 13. Rhe1 a5 14. e5 f5 15. Ng5 Bd5 16. Bxd5+ cxd5 17. Re2 Bxc3 18. Bxc3 b4 19. Be1 Ra6 20. Bf2 h6 21. Nf3 Rc8 22. h3 Nd7 23. e6 Nc5 24. Bxc5 Rxc5 25. Re5 a4 26. g4 a3 27. Rd2 b3 28. axb3 cxb3+ 29. Kb1 a2+ 0-1

[Event "Bad Woerishofen op 31st"]
[Site "Bad Woerishofen"]
[Date "2015.03.01"]
[Round "3"]
[White "Dobierzin, Olaf"]
[Black "Schneider, Waldemar"]
[Result "1-0"]
[WhiteElo "2022"]
[BlackElo "1808"]
[PlyCount "99"]
[EventDate "2015.02.27"]
[EventType "swiss"]
[EventRounds "9"]
[EventCountry "GER"]
[SourceTitle "CBM 165 Extra"]
[Source "ChessBase"]
[SourceDate "2015.04.21"]
[SourceVersion "1"]
[SourceVersionDate "2015.04.21"]
[SourceQuality "1"]

1. e4 e5 2. Nf3 Nc6 3. Bb5 Nf6 4. d3 d6 5. 0-0 Be7 6. c3 0-0 7. Re1 Bd7 8. d4 Nxd4 9. Nxd4 exd4 10. Bxd7 Qxd7 11. cxd4 Rad8 12. Nc3 c6 13. h3 h6 14. Bf4 Rfe8 15. Qf3 Nh7 16. Qg3 Bg5 17. Bxg5 Nxg5 18. f4 Ne6 19. Rad1 Nf8 20. Qf3 f5 21. exf5 Qxf5 22. g4 Qf6 23. Ne4 Qe6 24. f5 Qxa2 25. f6 Qf7 26. Rf1 g5 27. Ng3 Ng6 28. Nh5 d5 29. Rfe1 Nh4 30. Qg3 Nf5 31. Qf2 Nd6 32. Re5 Nc4 33. Rxe8+ Rxe8 34. Re1 Kf8 35. b3 Nd6 36. Qd2 Ne4 37. Qb4+ Kg8 38. Rf1 Re6 39. Qa5 b6 40. Qa6 Kh7 41. Qc8 Nd2 42. Rf2 Ne4 43. Qxe6 Qxe6 44. f7 Nxf2 45. f8N+ Kg8 46. Nxe6 Nxh3+ 47. Kg2 Nf4+ 48. Nhxf4 gxf4 49. Kf3 Kf7 50. Nd8+ 1-0

[Event "Niedersachsen-ch op-B"]
[Site "Verden"]
[Date "2014.01.03"]
[Round "4"]
[White "Schneider, Waldemar"]
[Black "Rabsch, Peter"]
[Result "1-0"]
[WhiteElo "1831"]
[BlackElo "1694"]
[PlyCount "79"]
[EventDate "2014.01.02"]
[EventType "swiss"]
[EventRounds "7"]
[EventCountry "GER"]
[SourceTitle "EXT 2016"]
[Source "ChessBase"]
[SourceDate "2015.10.08"]
[SourceVersion "1"]
[SourceVersionDate "2015.10.08"]
[SourceQuality "1"]

1. d4 d5 2. e4 c6 3. e5 Bf5 4. f4 e6 5. Nf3 Be7 6. Be2 Nd7 7. Bd2 a6 8. a4 c5 9. a5 cxd4 10. Nxd4 Be4 11. 0-0 Bc5 12. c3 Ne7 13. b4 Ba7 14. Kh1 Nf5 15. Nxf5 Bxf5 16. Bg4 Be4 17. Qe2 Rc8 18. Na3 0-0 19. c4 Bd4 20. Ra2 Ba7 21. c5 Nb8 22. Nc2 Nc6 23. Bc3 f5 24. exf6 Rxf6 25. Bxf6 Qxf6 26. Qd2 Re8 27. Ne3 Bb8 28. Qe1 Qh6 29. Qg3 Rf8 30. Qh3 Qg6 31. Bxe6+ Kh8 32. Bxd5 Bxd5 33. Nxd5 Qe4 34. Qf3 Qc4 35. Raa1 Ne5 36. Qd1 Ng4 37. Nb6 Qxb4 38. Qxg4 Qd4 39. Rad1 Qf6 40. Nd7 1-0

[Event "Niedersachsen-ch op-B"]
[Site "Verden"]
[Date "2012.01.03"]
[Round "3"]
[White "Weczerek, Dieter"]
[Black "Schneider, Waldemar"]
[Result "1/2-1/2"]
[WhiteElo "1843"]
[BlackElo "1573"]
[PlyCount "116"]
[EventDate "2012.01.02"]
[EventType "swiss"]
[EventRounds "7"]
[EventCountry "GER"]
[SourceTitle "EXT 2021"]
[Source "ChessBase"]
[SourceDate "2020.10.23"]
[SourceVersion "1"]
[SourceVersionDate "2020.10.23"]
[SourceQuality "1"]

1. e4 d6 2. d4 Nf6 3. Nc3 g6 4. Be3 c6 5. Qd2 Nbd7 6. f3 Nb6 7. 0-0-0 Be6 8. g4 Bc4 9. b3 Bxf1 10. Rxf1 Qc7 11. h4 h5 12. g5 Nfd7 13. f4 0-0-0 14. Nf3 e6 15. Rd1 d5 16. e5 Bb4 17. Kb2 c5 18. a3 cxd4 19. Bxd4 Bxc3+ 20. Qxc3 Nb8 21. Qe3 Nc6 22. Rd3 Kb8 23. Bc5 Ka8 24. Rc3 Rc8 25. Rd1 Ne7 26. Bd4 Nc6 27. Rdd3 Nd7 28. b4 Qb8 29. Nd2 Ne7 30. Rxc8 Rxc8 31. Rc3 Nf5 32. Rxc8 Qxc8 33. Qf2 Qc6 34. Kb3 a5 35. Kb2 Qb5 36. c3 a4 37. Kc2 Nb8 38. Bc5 b6 39. Bxb6 Nxh4 40. Qxh4 Qxb6 41. Qg3 Nc6 42. Qg2 Qe3 43. Qf3 Qb6 44. Qg2 Ka7 45. Qe2 Ne7 46. Qd3 Nf5 47. c4 Ne3+ 48. Kb1 Nxc4 49. Nxc4 dxc4 50. Qd7+ Kb8 51. Qe8+ Kb7 52. Qxf7+ Ka6 53. Qd7 Qg1+ 54. Kc2 Qf2+ 55. Kd1 Qf3+ 56. Kc2 Qb3+ 57. Kd2 c3+ 58. Ke1 c2 1/2-1/2

[Event "Niedersachsen-ch open"]
[Site "Verden"]
[Date "2010.01.04"]
[Round "4.65"]
[White "Schneider, Waldemar"]
[Black "Raetzke von Stoyentin, Steffen"]
[Result "1-0"]
[WhiteElo "1602"]
[BlackElo "1240"]
[PlyCount "125"]
[EventDate "2010.01.03"]
[EventType "swiss"]
[EventRounds "7"]
[EventCountry "GER"]
[SourceTitle "EXT 2012"]
[Source "ChessBase"]
[SourceDate "2011.11.24"]
[SourceVersion "1"]
[SourceVersionDate "2011.11.24"]
[SourceQuality "1"]

1. d4 Nf6 2. c4 c6 3. Nc3 d5 4. e3 e6 5. Nf3 Bb4 6. Qc2 0-0 7. Bd3 dxc4 8. Bxc4 b5 9. Bd3 Nd5 10. Bxh7+ Kh8 11. Bd3 Qa5 12. Bd2 Nd7 13. 0-0 Qd8 14. e4 N5f6 15. e5 Nd5 16. Nxd5 Bxd2 17. Qxc6 exd5 18. Qxa8 Nb6 19. Qxa7 Bb4 20. Bxb5 Nd7 21. Bxd7 Bxd7 22. Qb7 Be7 23. Qxd5 Be6 24. Qxd8 Rxd8 25. a3 Rb8 26. b4 Ra8 27. h3 f6 28. Rfd1 Bb3 29. Rd3 Bc4 30. Rc3 Bd5 31. Rd1 f5 32. Rdc1 Kh7 33. Rc7 Bd8 34. Rc8 Rxc8 35. Rxc8 Bb6 36. Rc5 Bxc5 37. dxc5 Kg8 38. Nd4 g6 39. a4 Kf8 40. a5 Ke7 41. h4 Be4 42. f3 Bd3 43. Kf2 Kd7 44. Ke3 Bc4 45. g4 fxg4 46. fxg4 Ba2 47. h5 gxh5 48. gxh5 Kc7 49. h6 Bb1 50. b5 Bg6 51. a6 Kb8 52. b6 Kc8 53. c6 Kd8 54. a7 Ke7 55. b7 Kf7 56. e6+ Ke7 57. a8Q Bb1 58. c7 Bg6 59. b8Q Kf6 60. c8Q Kg5 61. Qg2+ Kf6 62. Qf4+ Bf5 63. Qg7# 1-0

[Event "Niedersachsen-ch open"]
[Site "Verden"]
[Date "2010.01.03"]
[Round "2.39"]
[White "Schneider, Waldemar"]
[Black "Meyer, Irmin"]
[Result "0-1"]
[WhiteElo "1602"]
[BlackElo "2004"]
[PlyCount "54"]
[EventDate "2010.01.03"]
[EventType "swiss"]
[EventRounds "7"]
[EventCountry "GER"]
[SourceTitle "EXT 2012"]
[Source "ChessBase"]
[SourceDate "2011.11.24"]
[SourceVersion "1"]
[SourceVersionDate "2011.11.24"]
[SourceQuality "1"]

1. d4 Nf6 2. c4 e6 3. Nc3 Bb4 4. Qc2 c5 5. dxc5 Na6 6. a3 Bxc3+ 7. Qxc3 Nxc5 8. Nf3 0-0 9. Bg5 Nce4 10. Bxf6 Nxf6 11. e3 b6 12. g3 Ba6 13. Bg2 Rc8 14. Nd2 d5 15. b3 dxc4 16. bxc4 Qc7 17. Rc1 Nd7 18. Qb4 Ne5 19. Bf1 Qc6 20. Rg1 Rfd8 21. Qb3 Rxd2 22. Bg2 Qd7 23. Qc3 Nd3+ 24. Kxd2 Nxc1+ 25. Kxc1 Rxc4 26. Qxc4 Bxc4 27. Rd1 Qc7 0-1